Datum a čas kvízu
26
Celkem bodů
Celkový počet nahraných bodů na tomto kvízu bez doplňovacích otázek.
14.
Pořadí na kvízu
Konečné umístění týmu na tomto kvízu.
Zaznamenané odpovědi
| # | Otázka | Odpověď | Body | Výsledky |
|---|---|---|---|---|
| 1. | Česká policie představila v po... | Ferrari | 1 | |
| 2. | Američanka Wendy Watsonová byl... | o medvěda | 1 | |
| 3. | Zastávky v pražské MHD bude no... | Jan Vondráček | 1 | |
| 4. | Minulý týden jsme s napětím sl... | Canadair | 1 | |
| 5. | Čtyřnásobný mistr světa formul... | Sebastian Vettel | 1 | |
| 6. | Znak „apostrof“ má správně vyp... | B) malá devítka | 1 | |
| 7. | Píšeme-li o cestovatelské dvoj... | A | 0 | |
| 8. | Pokud nám slova paklík a paklí... | C | 0 | |
| 9. | Ve kterých dvou evropských jaz... | pouze v rumunštině | 1 | |
| 10. | Napojení dvou vedle sebe stojí... | ligatura | 0 |